000 00462nam a2200193Ia 4500
005 20250423100555.0
008 250422s9999 xx 000 0 und d
020 _a9780081026311
050 _aTK 1001 .B74/
100 _aBreeze, Paul A.
245 0 _aPower generation technologies
250 _a3rd ed.
260 _aUnited Kingdom
260 _bElsevier
260 _c2022
300 _a449 p
650 _aElectric power production.
942 _cBK
999 _c33718
_d33718